000 00884nas a2200277 4500
001 BR9001339
003 BR-BrBNA
005 20231205091836.0
007 ta
008 230509b bl.|||p| |||| 00| 00por d
040 _aBR-BrBNA
_bpor
_cBiblioteca Nacional de Agricultura
041 _a(En)
072 _aL73
100 1 _aJorge, M.A.
100 1 _aBaiao, N.C.
100 1 _aOliveira, R.L. de
100 1 _aResende, J.S. de
245 1 _aStockin density effect on Escherichia coli presence in the litter and internal organs of broilers
650 _aFRANGO DE CORTE
650 _aCOLIBACILOSE
650 _aBACTERIA PATOGENICA
650 _aCAMA DE GALINHEIRO
773 0 _tArquivo Brasileiro de Medicina Veterinaria e Zootecnia (Brazil)
_xISSN 0102-0935
_g(Feb 1988), v. 40(1) p. 53-64
_wBR9001339
909 _a202311
_bLúcia
_c55
_dLúcia Elande
942 _2AGRIS
_n0
_cANA
999 _c127690
_d127690